000 01140nam a22002657a 4500
008 130821s2009 it gr ita
020 _a9788857500683
040 _aCo-BoUCM
_bspa
041 0 0 _aita
111 2 _aSeminario internazionale sul metodo mafioso
_n(2nd
_d2008-2009
_cPalermo, Italy)
_9167029
245 1 0 _aCriminalità dei potenti e metodo mafioso
_ceditado por Alessandra Dino
260 _aMilán (Italia)
_bMimesis
_cc2009
300 _a580 páginas
490 0 _aEterotopie
504 _aIncluye referencias bibliográficas e índice.
650 0 4 _aCrimen organizado
_zItalia
_vCongresos, conferencias, etc.
_912141
650 0 4 _aDelitos de cuello blanco
_zItalia
_vCongresos, conferencias, etc.
_912589
650 0 4 _aDerecho penal
_912805
650 0 4 _aMafia
_xAspectos políticos
_zItalia
_vCongresos, conferencias, etc.
_918862
650 0 4 _aMafia
_zItalia
_vCongresos, conferencias, etc.
_918862
700 1 _aDino, Alessandra
_eed.
_9167030
856 4 2 _zTabla de Contenido
_uhttp://www.loc.gov/catdir/toc/casalini08/10821090.pdf
942 _cLIBRO
_a8
_e1
_mC929
_2DEWEY
_h364.106
999 _c67765
_d67765